000 01645cam a2200397 a 4500
001 13190595
003 ARRUPE
005 20211014105514.0
008 030508s2003 enk 000 1 eng
010 _a 2003267786
020 _a0140449248
040 _aDLC
_cDLC
_dDLC
041 1 _aeng
_hrus
043 _ae-ur---
050 0 0 _aPG3326
_b.B7 2003
082 0 4 _a891.73/3
_220
100 1 _aDostoyevsky, Fyodor,
_d1821-1881.
_950483
240 1 0 _aBratʹi︠a︡ Karamazovy.
_lEnglish
245 1 4 _aThe brothers Karamazov :
_ba novel in four parts and an epilogue /
_cFyodor Dostoyevsky ; translated with an introduction and notes by David McDuff.
260 _aLondon ;
_aNew York, N.Y. :
_bPenguin,
_c2003.
300 _axxx, 1013 p. ;
_c20 cm.
440 0 _aPenguin classics
500 _a"First published 1880"--T.p. verso.
500 _a"Reissued with revisions 2003"--T.p. verso.
650 0 _aFathers and sons
_vFiction.
_914888
650 0 _aBrothers
_vFiction.
_93282
651 0 _aRussia
_xSocial life and customs
_y1533-1917
_vFiction.
_950484
655 7 _aDidactic fiction.
_2gsafd
_950485
700 1 _aMcDuff, David,
_d1945-
_950486
856 4 2 _3Contributor biographical information
_uhttp://www.loc.gov/catdir/enhancements/fy0716/2003267786-b.html
856 4 2 _3Publisher description
_uhttp://www.loc.gov/catdir/enhancements/fy0716/2003267786-d.html
856 4 1 _3Table of contents only
_uhttp://www.loc.gov/catdir/enhancements/fy1204/2003267786-t.html
906 _a7
_bcbc
_corigcop
_d3
_encip
_f20
_gy-gencatlg
942 _2lcc
_cMONOGRAPH
999 _c130857
_d130857